|
|
|
|
| LEADER |
01420nam a2200385Ia 4500 |
| 001 |
EBC3301314 |
| 003 |
MiAaPQ |
| 005 |
20200520144314.0 |
| 006 |
m o d | |
| 007 |
cr cn||||||||| |
| 008 |
130124s2013 mau sb 001 0deng d |
| 010 |
|
|
|z 2012051088
|
| 020 |
|
|
|z 9780674073036
|
| 020 |
|
|
|a 9780674075573 (electronic bk.)
|
| 035 |
|
|
|a (MiAaPQ)EBC3301314
|
| 035 |
|
|
|a (Au-PeEL)EBL3301314
|
| 035 |
|
|
|a (CaPaEBR)ebr10713641
|
| 035 |
|
|
|a (OCoLC)843880785
|
| 040 |
|
|
|a MiAaPQ
|c MiAaPQ
|d MiAaPQ
|
| 050 |
|
4 |
|a HG2471
|b .P35 2013
|
| 082 |
0 |
4 |
|a 332.1/230973
|2 23
|
| 100 |
1 |
|
|a Pak, Susie.
|
| 245 |
1 |
0 |
|a Gentlemen bankers
|h [electronic resource] :
|b the world of J. P. Morgan /
|c Susie Pak.
|
| 250 |
|
|
|a 1st ed.
|
| 260 |
|
|
|a Cambridge, Mass. :
|b Harvard University Press,
|c 2013.
|
| 300 |
|
|
|a 356 p.
|
| 504 |
|
|
|a Includes bibliographical references and index.
|
| 533 |
|
|
|a Electronic reproduction. Ann Arbor, MI : ProQuest, 2015. Available via World Wide Web. Access may be limited to ProQuest affiliated libraries.
|
| 600 |
1 |
0 |
|a Morgan, J. Pierpont
|q (John Pierpont),
|d 1837-1913.
|
| 610 |
2 |
0 |
|a J.P. Morgan & Co.
|x History.
|
| 650 |
|
0 |
|a Bankers
|z United States
|v Biography.
|
| 650 |
|
0 |
|a Banks and banking
|z United States
|x History.
|
| 655 |
|
4 |
|a Electronic books.
|
| 710 |
2 |
|
|a ProQuest (Firm)
|
| 856 |
4 |
0 |
|u https://ebookcentral.proquest.com/lib/matrademy/detail.action?docID=3301314
|z Click to View
|